LEADER 01190nam a2200253 4500 001 000000333620 003 CaOOAMICUS 005 20190627115256.0 008 190524s2002 it 000 u ita r 020 $a88-400-0774-1 040 $aSeMil$bita 245 12$aL'uomo e la bestia antropofaga :$bstoria del lupo nell'Italia settentrionale dal 15. al 19. secolo /$cMario Comincini ... [et al.] ; a cura di Mario Comincini. 264 1$aMilano :$bUnicopli,$c2002. 300 $a337 p. :$bill. ;$c23 cm. 500 $aSegue, in ripr. facs.: La fiera divoratrice de' fanciulli 650 4$aLupi - Lombardia - Storia.$0(OLS)http://semarc/subject/21648 700 1 $aComincini, Mario.$0(OLS)http://semarc/name/6155 850 $aSeMil 852 $aSeMil$W1$xVenegono$y1$m3X IV 90$j214094$B225897$CSeMilBibl$Z2$F225897 $81 961 $aLorenzi don Ugo - Omaggio 996 $6020$a88-400-0774-1$9(OLS)http://semarc/number/287321 996 $6245$aL'uomo e la bestia antropofaga :$bstoria del lupo nell'Italia settentrionale dal 15. al 19. secolo$9(OLS)http://semarc/title/423272 996 $6264$aMilano :$bUnicopli$9(OLS)http://semarc/publisher/29904 LEADER 01162nam a2200241 i 4500 001 000000050168 003 CaOOAMICUS 005 20120711000000.0 008 120711s1968 it u000 u ita u 013 $a21339 040 $aSeMil$bita 100 1 $aCalvi, Gabriele.$0(OLS)http://semarc/name/2357 245 13$aIl divorzio in una società democratica :$batti della tavola rotonda tenuta a Brescia il 6-7 maggio 1967 per iniziativa de "La Famiglia" /$c[Calvi ... et al.]. 260 $aBrescia :$bLa Scuola,$ccopyr. 1968. 300 $a151 p. ;$c25 cm. 490 0 $aCattolici in dialogo ;$v1 650 4$aDivorzio.$0(OLS)http://semarc/subject/5893 700 1 $aLa Famiglia .$0(OLS)http://semarc/name/24846 830 0$aCattolici in dialogo ;$v1.$0(OLS)http://semarc/title/6792 850 $aSeMil 852 $aSeMil$W1$xVenegono$y1$m2E IV 142$j16323$B16323$CSeMilBibl$Z2$F16323 $81 996 $6245$aIl divorzio in una società democratica :$batti della tavola rotonda tenuta a Brescia il 6-7 maggio 1967 per iniziativa de "La Famiglia"$9(OLS)http://semarc/title/76549 996 $6260$aBrescia :$bLa Scuola$9(OLS)http://semarc/publisher/29831